00828nam a22002177a 4500003000500000005001700005008004100022010001100063011001100074035001100085040000900096100003600105245016300141260004000304500006000344502007100404650002300475650002700498650002100525856006400546CHAP20220817044540.0100912s2012 mx r 00010 spa d a103899 a104871 a115561 cCHAP1 aRazo Burgos, José de Jesús.10aEvaluación económica y financiera de la jamaica (Hibiscus sabdariffa L.) bajo sistema de riego por goteoh[En línea]c/por José de Jesús Razo Burgos aChapingo, Méx. :bEl autor,c2012 aPara ver el contenido del material haga clic en la liga aTesis (Ing. en Irrigación) -- UACH. Departamento de Irrigación14aJamaicaxMercadeo.14aJamaicaxProducción.14aRiego por goteo. 3Finding aiduhttp://10.13.5.2/tesis/115561.pdfzTeclea aqui